000 00551pab a2200169 454500
008 180718b1996 xxu||||| |||| 00| 0 eng d
100 _aShaw, G. Jerry
245 _aFederal employee appeals: out of the maze
260 _c1996
300 _ap.15-18
362 _aFall
520 _aThe article stresses that whether the current multiplicity of avenues of appeal is in the best interest of either the federal employees or the employing agency
650 _aCivil service
700 _aFischer, Paul
773 _aPublic Manager
909 _a32595
999 _c32595
_d32595